00531nam a22001937a 450000500170000001000130001702000230003003500130005303700160006604000120008208200110009411000300010524500390013526000370017427000590021130000210027065000260029165000200031720170124110247.0 aA-896283 c100.00a8126001267 aA-896283 bCen Lib/Ret aDPLbEN aSbTWE aNew Delhi.Sahitya Akademi aTwenty three hindi short stories / bSahitya Akademic1998aNew Delhi aRabindra Bhavan, 35, Ferozshah RoadbNew Delhie110001 a224p. c20cm(Hb) aLiterature -- fiction aEnglish stories